| 000 | 00599nam a2200193 a 4500 | ||
|---|---|---|---|
| 005 | 20210223130116.0 | ||
| 008 | 061129s2005 mx r 000 0 spa d | ||
| 020 | _a8474859778 | ||
| 035 | _aUPN01000148405 | ||
| 049 | _aCE | ||
| 050 | 4 |
_aSB451 _bS4.4 |
|
| 100 | 1 |
_aSegura Munguía, Santiago _929992 |
|
| 245 | 1 | 4 |
_aLos jardines en la antigüedad / _cSantiago Segura Mungía ; ed. Javier Torres Ripa. . |
| 260 |
_aBilbao, Esp. : _bUniversidad de Deusto, _c2005. |
||
| 300 |
_a206 p. : _bil. col. |
||
| 650 | 4 |
_aJARDINES - _xHISTORIA _97365 |
|
| 700 | 1 |
_aTorres Ripa, Javier, _eed. |
|
| 905 | _aLibro | ||
| 999 |
_c120547 _d120547 |
||